Escuchar: propuestas creativas y globalizadoras para desarrollar la inteligencia espiritual

Saved in:
Bibliografiske detaljer
Main Authors: Díaz Montejo, Dori (Author), Sánchez Ramos, Lorenzo (Author)
Format: Bog
Sprog:spansk
Udgivet: Madrid PPC 2017
Udgivelse:1a. ed
Serier:Proyecto Espiral, 3
Fag:
Tags: Tilføj Tag
Ingen Tags, Vær først til at tagge denne postø!

MARC

LEADER 00000cam a2200000 a 4500
001 UCC1163
003 CL-VaPUC
008 171006e20170000sp |||||||||||||||||spa|d
020 |a 9788428830904 
082 0 4 |a 268.6  |b DIA  |2 21 
100 0 |a Díaz Montejo, Dori  |e author  |9 595208 
700 0 |a Sánchez Ramos, Lorenzo  |e author  |9 595209 
245 1 0 |a Escuchar: propuestas creativas y globalizadoras para desarrollar la inteligencia espiritual 
250 |a 1a. ed 
300 |a 176 p 
942 |c BK 
945 |d 20171006 11:09:00  |a dcastane 
260 |a Madrid  |b PPC  |c 2017 
500 |a Incluye CD con canciones 
650 0 |a Catequesis  |9 314526 
650 7 |a CATEQUISTAS  |2 CL-VaPUC  |9 481683 
650 0 |a Educación religiosa   |9 308312 
650 7 |a PASTORAL CRISTIANA  |2 CL-VaPUC  |9 398048 
583 |a last modification  |c 20171006 11:09:00  |k Rodrigo Vera 
490 0 |a Proyecto Espiral, 3 
999 |c 369735  |d 369733 
952 |0 0  |1 0  |3 erb  |4 0  |6 268_600000000000000_DIA_2017  |7 0  |8 A  |9 485724  |a BIBTEO  |b BIBTEO  |i 5427320  |o 268.6 DIA 2017  |p 5427320  |r 2025-01-17  |w 2019-11-24  |y BK  |z Catalogado en:20171006  |k ICR 
952 |0 0  |1 0  |3 erb  |4 0  |6 268_600000000000000_DIA_2017  |7 0  |8 A  |9 485725  |a BIBTEO  |b BIBTEO  |i 5468620  |l 1  |o 268.6 DIA 2017  |p 5468620  |r 2025-01-17  |s 2023-08-11  |w 2019-11-24  |y BK  |z Catalogado en:20180427  |k ICR